000 01011cam a2200241 4500
001 ABS63637
008 000000n2001 000 0 eng u
035 _a(Sirsi) u111626
100 _aAtkinson, J.
245 _aRail work puts Skanska ahead
260 _c2001
490 _aContract Journal
_v407(6319) 21 March 2001, 22-23(2)
520 _aProvides details of Contract Journal's February 2001 rankings of the UK's 50 most successful construction firms, by the value of contracts awarded. Totals for February reveal a huge drop in the number of new orders, in comparison with January. Skanska remained top of the league table for the second month running, largely due to its success with the Channel Tunnel Rail Link. Tables.
590 _aABS
650 _aCONSTRUCTION FIRMS
650 _aBUILT ENVIRONMENT
650 _aLEAGUE TABLES
650 _aREGIONS
650 _aSKANSKA
650 _aCHANNEL TUNNEL RAIL LINK
690 _aBUILT ENVIRONMENT-BUILDING CONTRACT FORMS
942 _n0
999 _c66513
_d66513